[Event "Frankfurt Ch A 2016"]
[Site "Ffm-Höchst, BiKuZ"]
[Date "2016.05.09"]
[Round "3.23"]
[White "Neubauer, Robert"]
[Black "Sachse, Günter"]
[Result "0-1"]
[WhiteElo "1773"]
[BlackElo "1989"]
[PlyCount "58"]
[EventDate "2016.??.??"]
[WhiteTeam "SK Bad Homburg"]
[BlackTeam "SK Langen"]

1. e4 c5 2. Nf3 e6 3. d4 cxd4 4. Qxd4 Nc6 5. Qa4 Qc7 6. Nc3 a6 7. Bd3 Nf6 8.
O-O Be7 9. Re1 d6 10. e5 dxe5 11. Nxe5 O-O 12. Nxc6 bxc6 13. Qh4 e5 14. Bg5 h6
15. Bxh6 e4 16. Nxe4 Ng4 17. Bg5 f6 18. Bc4+ Rf7 19. Bxf7+ Kxf7 20. Qh5+ Kg8
21. Qe8+ Bf8 22. Be3 Qxh2+ 23. Kf1 Ne5 24. f4 Bh3 25. Qxf8+ Rxf8 26. gxh3 Qxh3+
27. Ke2 Qf3+ 28. Kd2 Nc4+ 29. Kd3 Nxe3 0-1

[Event "Frankfurt Ch A 2016"]
[Site "Ffm-Höchst, BiKuZ"]
[Date "2016.05.09"]
[Round "3.26"]
[White "Rutsatz, Mario"]
[Black "Rotermund, Verena"]
[Result "1/2-1/2"]
[WhiteElo "1900"]
[BlackElo "1731"]
[PlyCount "53"]
[EventDate "2016.??.??"]
[WhiteTeam "SF Frankfurt"]
[BlackTeam "Vorw.Orient Mainz"]

1. e4 e6 2. d4 d5 3. e5 c5 4. c3 Nc6 5. Nf3 Qb6 6. Bd3 cxd4 7. cxd4 Bd7 8. Nbd2
Nh6 9. Nb3 Bb4+ 10. Bd2 O-O 11. O-O Nf5 12. Be3 a5 13. Rc1 a4 14. Bxf5 exf5 15.
Nc5 Bxc5 16. Rxc5 Qxb2 17. Rxd5 Be6 18. Rd6 Bxa2 19. Ng5 g6 20. Qf3 Rad8 21.
Qh3 h5 22. Rxd8 Rxd8 23. Qh4 Bd5 24. Nh3 Qe2 25. Qf6 Bxg2 26. Kxg2 Qg4+ 27. Kh1
1/2-1/2

[Event "Frankfurt Ch A 2016"]
[Site "Ffm-Höchst, BiKuZ"]
[Date "2016.05.09"]
[Round "3.27"]
[White "Schmitt, Roland"]
[Black "Hinz, André"]
[Result "0-1"]
[WhiteElo "1881"]
[BlackElo "1698"]
[PlyCount "48"]
[EventDate "2016.??.??"]
[WhiteTeam "SK Großsachsen"]
[BlackTeam "SC Brett vorm Kopp"]

1. d4 Nc6 2. e4 e5 3. Nf3 exd4 4. Bc4 Nf6 5. e5 Qe7 6. O-O Ng4 7. Bf4 Qc5 8.
Bb3 d5 9. exd6 Bxd6 10. Re1+ Kf8 11. Qd2 Bf5 12. Na3 Rd8 13. Nc4 Bxf4 14. Qxf4
d3 15. Nfe5 d2 16. Nxf7 dxe1=Q+ 17. Rxe1 Re8 18. Rxe8+ Kxe8 19. Ncd6+ cxd6 20.
Nxd6+ Kd7 21. Nxf5 Qxf2+ 22. Qxf2 Nxf2 23. Nxg7 Ne4 24. Nf5 Rf8 0-1

[Event "Frankfurt Ch A 2016"]
[Site "Ffm-Höchst, BiKuZ"]
[Date "2016.05.09"]
[Round "3.28"]
[White "Kautz, Thomas"]
[Black "Kretner, Georg-Ulrich"]
[Result "1/2-1/2"]
[WhiteElo "1714"]
[BlackElo "1880"]
[PlyCount "86"]
[EventDate "2016.??.??"]
[WhiteTeam "SK Niederbrechen"]
[BlackTeam "SC Bad Nauheim"]

1. d4 f5 2. Nf3 Nf6 3. c4 e6 4. Nc3 d5 5. Bg5 c6 6. e3 Bd6 7. Bd3 O-O 8. O-O
Qe8 9. Ne5 Bxe5 10. dxe5 Ng4 11. e4 Qh5 12. Bf4 fxe4 13. Be2 Rxf4 14. h3 Qxe5
15. Bxg4 Rf8 16. f3 h5 17. f4 Rxf4 18. Rxf4 Qxf4 19. Bxh5 Qe3+ 20. Kh1 d4 21.
Qf1 Bd7 22. Qf7+ Kh8 23. Bg6 Na6 24. Nxe4 Qh6 25. Rf1 Rg8 26. Qxd7 Qxg6 27.
Qxd4 e5 28. Qxe5 Re8 29. Ng5 Kg8 30. Qf4 Nb4 31. a3 Nd3 32. Qd2 b6 33. b3 Nc5
34. b4 Ne4 35. Nxe4 Qxe4 36. c5 b5 37. Qf2 Qc4 38. Qf3 Rd8 39. Rd1 Rxd1+ 40.
Qxd1 Qc3 41. Qf3 Qe1+ 42. Kh2 Qe6 43. Qf4 a6 1/2-1/2

[Event "Frankfurt Ch A 2016"]
[Site "Ffm-Höchst, BiKuZ"]
[Date "2016.05.09"]
[Round "3.29"]
[White "Pabel, Ralph"]
[Black "Rauscher, Joachim"]
[Result "1-0"]
[WhiteElo "1867"]
[BlackElo "1697"]
[PlyCount "143"]
[EventDate "2016.??.??"]
[WhiteTeam "SK Mainaschaff"]
[BlackTeam "SC Brett vorm Kopp"]

1. d4 d5 2. c4 e6 3. Nc3 Nf6 4. cxd5 exd5 5. Bg5 Be7 6. e3 O-O 7. Qc2 Be6 8.
Bd3 h6 9. Bh4 Nbd7 10. Nge2 Nh5 11. Bxe7 Qxe7 12. a3 c5 13. Bf5 Qg5 14. g4 Bxf5
15. Qxf5 Qxf5 16. gxf5 Nhf6 17. Rd1 c4 18. f3 a6 19. Nf4 Nb6 20. Rd2 Rfe8 21.
Re2 Rad8 22. Rg1 Kh7 23. h3 Re7 24. Kf2 Rde8 25. Rge1 Rd8 26. Rg1 Rde8 27. Rg2
Rd8 28. Ke1 Rde8 29. Kd2 Rd8 30. Rg1 Rde8 31. Rge1 Rd8 32. h4 Kh8 33. Rg1 Rde8
34. Reg2 Rxe3 35. Rxg7 Rxf3 36. Rxf7 Rxf4 37. Rxf6 Rf2+ 38. Kc1 Kh7 39. Rxb6
Rxf5 40. Rxb7+ Kh8 41. Rb6 Kh7 42. Rxa6 Rd8 43. Ra7+ Kh8 44. a4 Rdf8 45. Rag7
Rf1+ 46. Nd1 Rxg1 47. Rxg1 Rf4 48. a5 Rxd4 49. a6 Re4 50. a7 Re8 51. Rg6 Ra8
52. Rxh6+ Kg7 53. Ra6 d4 54. Kd2 Kf7 55. h5 Kg7 56. Nf2 c3+ 57. bxc3 dxc3+ 58.
Kc2 Kh7 59. Ne4 Kg7 60. Ng5 Rxa7 61. Rxa7+ Kh6 62. Ne4 Kxh5 63. Rf7 Kh6 64.
Kxc3 Kg6 65. Rf6+ Kg7 66. Kd4 Kg8 67. Ke5 Kg7 68. Ke6 Kg8 69. Rf7 Kh8 70. Ra7
Kg8 71. Nf6+ Kf8 72. Rf7# 1-0

[Event "Frankfurt Ch A 2016"]
[Site "Ffm-Höchst, BiKuZ"]
[Date "2016.05.09"]
[Round "3.30"]
[White "Zerhusen, Martin"]
[Black "Krüger, Till"]
[Result "0-1"]
[WhiteElo "1684"]
[BlackElo "1865"]
[PlyCount "110"]
[EventDate "2016.??.??"]
[WhiteTeam "SV Oberursel"]
[BlackTeam "SC Nidderau"]

1. d4 Nf6 2. c4 g6 3. Nc3 Bg7 4. Nf3 O-O 5. g3 d6 6. Bg2 Nc6 7. O-O a6 8. Re1
Rb8 9. e3 e5 10. dxe5 dxe5 11. Qxd8 Rxd8 12. a3 Be6 13. Nd2 Na5 14. Bf1 Rd7 15.
b4 Nc6 16. Nde4 Nxe4 17. Nxe4 b6 18. Bb2 h6 19. Be2 f5 20. Nc3 Rd2 21. Rab1 e4
22. Nd1 Ne5 23. Kf1 Rxe2 24. Rxe2 Bxc4 25. Bxe5 Bxe5 26. Rc1 Bxe2+ 27. Kxe2 Rd8
28. Rc6 Kf7 29. a4 Rd3 30. a5 bxa5 31. bxa5 Ra3 32. Rxa6 Ra2+ 33. Ke1 Bd6 34.
Rc6 Rxa5 35. Nc3 Rc5 36. Rxc5 Bxc5 37. Ke2 Ke6 38. f3 Ke5 39. h3 c6 40. g4 Be7
41. Kf2 c5 42. Ke2 c4 43. gxf5 gxf5 44. f4+ Ke6 45. Nb5 Bf6 46. Kd2 Kd5 47.
Nc7+ Kc6 48. Na6 Bd8 49. Nb4+ Kc5 50. Nc2 Bf6 51. Ne1 c3+ 52. Kc2 Kc4 53. Ng2
Be7 54. Ne1 Bh4 55. Ng2 Bf2 0-1

[Event "Frankfurt Ch A 2016"]
[Site "Ffm-Höchst, BiKuZ"]
[Date "2016.05.09"]
[Round "3.32"]
[White "Göbel, Andreas"]
[Black "Krischak, Werner"]
[Result "1/2-1/2"]
[WhiteElo "1864"]
[BlackElo "1694"]
[PlyCount "58"]
[EventDate "2016.??.??"]
[WhiteTeam "SC Brett vorm Kopp"]
[BlackTeam "SK Marburg"]

1. f4 d5 2. Nf3 Nf6 3. e3 Bg4 4. Be2 e6 5. b3 Nbd7 6. Bb2 c6 7. O-O Bd6 8. d3
Qb6 9. d4 Ne4 10. Nbd2 Ndf6 11. Ne5 Bxe2 12. Qxe2 Nxd2 13. Qxd2 Ne4 14. Qe2 g6
15. c4 Qb4 16. cxd5 cxd5 17. Rac1 O-O 18. Rc2 Qa5 19. a4 Rfc8 20. Rfc1 Rxc2 21.
Qxc2 Qd2 22. Qxd2 Nxd2 23. Rc3 Ne4 24. Rc2 Rd8 25. Kf1 f6 26. Nd3 b6 27. Ke2
Rd7 28. Nf2 Nxf2 29. Kxf2 f5 1/2-1/2

[Event "Frankfurt Ch A 2016"]
[Site "Ffm-Höchst, BiKuZ"]
[Date "2016.05.09"]
[Round "3.33"]
[White "Zimmer, Gerald"]
[Black "Stricker, Konstantin"]
[Result "1/2-1/2"]
[WhiteElo "1854"]
[BlackElo "1690"]
[PlyCount "48"]
[EventDate "2016.??.??"]
[WhiteTeam "SC Bergen-Enkheim"]
[BlackTeam "SC Eschbach"]

1. d4 d5 2. c4 c6 3. Nc3 Nf6 4. Nf3 Nbd7 5. cxd5 cxd5 6. Bf4 e6 7. Qa4 Be7 8.
Nb5 O-O 9. Bc7 Qe8 10. Nd6 Nb6 11. Qxe8 Nxe8 12. Nxe8 Bb4+ 13. Kd1 Rxe8 14. e3
Nc4 15. b3 Bd6 16. Bxd6 Nxd6 17. Bd3 Bd7 18. Rc1 Rac8 19. Kd2 f6 20. Rc5 b6 21.
Rxc8 Rxc8 22. Rc1 Rxc1 23. Kxc1 g6 24. Kc2 Kf7 1/2-1/2

[Event "Frankfurt Ch A 2016"]
[Site "Ffm-Höchst, BiKuZ"]
[Date "2016.05.09"]
[Round "3.34"]
[White "Adair, Robin"]
[Black "Vega Lopez de Nava, Cesar Octavi"]
[Result "0-1"]
[WhiteElo "1647"]
[BlackElo "1845"]
[PlyCount "141"]
[EventDate "2016.??.??"]
[WhiteTeam "SC Nidderau"]
[BlackTeam "SV Rüsselsheim"]

1. c4 Nf6 2. Nc3 c6 3. d4 d5 4. Nf3 e6 5. g3 Nbd7 6. Bg2 dxc4 7. a4 Bb4 8. O-O
O-O 9. Qc2 Nd5 10. Ng5 N7f6 11. e4 h6 12. exd5 cxd5 13. Nf3 Qa5 14. Bd2 Qb6 15.
Ne5 Qxd4 16. Nf3 Qc5 17. Be3 Qa5 18. Bd4 Nd7 19. Qe2 Nc5 20. Ne5 Nb3 21. Rad1
Nxd4 22. Rxd4 Bxc3 23. bxc3 Qxc3 24. Rfd1 Rb8 25. Qh5 Qc2 26. Bh3 b5 27. axb5
Rb7 28. Kg2 Kh7 29. R1d2 Qb1 30. Rd1 Qc2 31. Rh4 f6 32. Nf3 Qg6 33. Nd4 Qxh5
34. Rxh5 g6 35. Rh4 g5 36. Nxe6 Bxe6 37. Rhd4 f5 38. Kf1 Rxb5 39. Bg2 Rc8 40.
Ke1 Rcc5 41. Bf1 Kg7 42. h3 h5 43. Be2 Kg6 44. f3 Rb3 45. Ra1 a5 46. Bd1 Rb2
47. g4 h4 48. Rc1 Kf6 49. Bc2 Ke5 50. Rd2 d4 51. Re2+ Kf6 52. f4 fxg4 53. fxg5+
Rxg5 54. Rf2+ Ke5 55. Ra1 Kd6 56. hxg4 Bxg4 57. Ba4 Rxf2 58. Kxf2 Bd7 59. Bd1
a4 60. Bxa4 Bxa4 61. Rxa4 Rf5+ 62. Ke1 Kd5 63. Ra8 c3 64. Kd1 Kc4 65. Rh8 Ra5
66. Rxh4 Ra1+ 67. Kc2 Ra2+ 68. Kb1 Rg2 69. Rh1 Kb3 70. Ka1 Rc2 71. Kb1 0-1

[Event "Frankfurt Ch A 2016"]
[Site "Ffm-Höchst, BiKuZ"]
[Date "2016.05.09"]
[Round "3.35"]
[White "Hochmuth, Christian"]
[Black "Weiland, Thomas"]
[Result "1-0"]
[WhiteElo "1839"]
[BlackElo "1673"]
[PlyCount "53"]
[EventDate "2016.??.??"]
[WhiteTeam "SG Wächtersbach"]
[BlackTeam "SV Oberursel"]

1. d4 f5 2. Nf3 d6 3. g3 Nf6 4. Bg2 g6 5. O-O Bg7 6. Nbd2 O-O 7. Re1 c6 8. c3
d5 9. Ne5 Nbd7 10. Nd3 a5 11. f3 Qb6 12. Qb3 Qxb3 13. axb3 b6 14. e4 fxe4 15.
fxe4 e6 16. Bh3 Re8 17. e5 Nh5 18. g4 Ba6 19. c4 dxc4 20. bxc4 Bh6 21. gxh5
Bxd2 22. Bxd2 Bxc4 23. Nf2 gxh5 24. Ne4 Bd5 25. Nc3 Bc4 26. Bg2 Rac8 27. Ne4
1-0

[Event "Frankfurt Ch A 2016"]
[Site "Ffm-Höchst, BiKuZ"]
[Date "2016.05.09"]
[Round "3.36"]
[White "Lopez, Victor"]
[Black "Grossjohann, Daniel"]
[Result "0-1"]
[WhiteElo "1455"]
[BlackElo "1838"]
[PlyCount "48"]
[EventDate "2016.??.??"]
[WhiteTeam "SC Höchst"]
[BlackTeam "SC Bad Soden"]

1. e4 e5 2. Nf3 Nf6 3. Nxe5 d6 4. Nf3 Nxe4 5. Nc3 Nxc3 6. dxc3 Be7 7. Bf4 O-O
8. Qd2 Nc6 9. O-O-O a5 10. a4 Bd7 11. Bc4 Na7 12. Bb3 b5 13. axb5 a4 14. Ba2
Nxb5 15. Bg5 Bf6 16. Bxf6 Qxf6 17. Nd4 a3 18. Nxb5 axb2+ 19. Kxb2 Bxb5 20. Qd4
Qg6 21. f4 Rxa2+ 22. Kxa2 Qxc2+ 23. Ka3 Ra8+ 24. Kb4 Qa4# 0-1

[Event "Frankfurt Ch A 2016"]
[Site "Ffm-Höchst, BiKuZ"]
[Date "2016.05.09"]
[Round "3.37"]
[White "Menning, Uwe"]
[Black "Löhr, Holger"]
[Result "1-0"]
[WhiteElo "1837"]
[BlackElo "1556"]
[PlyCount "163"]
[EventDate "2016.??.??"]
[WhiteTeam "FC Bierstadt"]
[BlackTeam "SF Braunfels"]

1. d4 Nf6 2. Nf3 g6 3. Bg5 Bg7 4. e3 O-O 5. Be2 d6 6. O-O c5 7. c3 h6 8. Bxf6
Bxf6 9. Nbd2 b6 10. Ne1 Bb7 11. Bf3 Bxf3 12. Qxf3 Nd7 13. Ne4 Bg7 14. Rd1 Qc7
15. Nd3 e5 16. dxe5 dxe5 17. Nc1 Rad8 18. Qe2 Nf6 19. Nxf6+ Bxf6 20. Rxd8 Rxd8
21. Rd1 Rxd1+ 22. Qxd1 Qd8 23. Qxd8+ Bxd8 24. e4 f5 25. f3 Kf7 26. c4 Ke6 27.
Nd3 Bg5 28. Kf1 Kd6 29. Ke2 Ke6 30. Kd1 Kd6 31. Kc2 Ke6 32. Kb3 Kd6 33. Ka4 a6
34. a3 Bf6 35. b4 cxb4 36. axb4 Kc6 37. b5+ axb5+ 38. cxb5+ Kb7 39. Kb4 Kc7 40.
Kc4 Kd6 41. Nb4 Bd8 42. Nd5 Ke6 43. Nb4 Kd6 44. Nc6 Bf6 45. Na7 Bd8 46. h3 Ke6
47. Nc6 Bf6 48. Nb4 Kd6 49. Nd3 Bd8 50. exf5 gxf5 51. g4 fxg4 52. hxg4 Bg5 53.
Nf2 Ke6 54. Ne4 Bh4 55. Nc3 Bd8 56. Kd3 Bg5 57. Ke4 Bf6 58. Nd5 Bd8 59. Ne3 Kd6
60. Nf5+ Kc5 61. Nxh6 Kxb5 62. Nf7 Bh4 63. Kxe5 Ka4 64. g5 Bxg5 65. Nxg5 b5 66.
Ne4 b4 67. Nc5+ Kb5 68. Kd5 Kb6 69. Kc4 Kc6 70. Nd3 b3 71. Kxb3 Kd5 72. Kc3 Ke6
73. Kd4 Kf5 74. Ke3 Kg5 75. Ke4 Kf6 76. f4 Ke6 77. f5+ Kf6 78. Nf4 Ke7 79. Nd5+
Kf7 80. Ke5 Ke8 81. Ke6 Kf8 82. Nc7 1-0

[Event "Frankfurt Ch A 2016"]
[Site "Ffm-Höchst, BiKuZ"]
[Date "2016.05.09"]
[Round "3.38"]
[White "Worzelberger, Armin"]
[Black "Richter, Wolfram"]
[Result "1-0"]
[WhiteElo "1810"]
[BlackElo "1510"]
[PlyCount "83"]
[EventDate "2016.??.??"]
[WhiteTeam "SC Grunbach"]
[BlackTeam "SK Bad Sooden-Allendorf"]

1. e4 c5 2. Nf3 Nc6 3. c3 e5 4. Bc4 Nf6 5. Ng5 d5 6. exd5 Nxd5 7. Qf3 Qxg5 8.
Bxd5 Qg6 9. Na3 a6 10. Nc4 Bd7 11. O-O Be7 12. Re1 Qf6 13. Qe2 O-O 14. Nxe5 Be6
15. Nxc6 bxc6 16. Bxe6 fxe6 17. Qxe6+ Rf7 18. Qxf6 Bxf6 19. Re6 Rc8 20. Kf1 Rd7
21. a4 Kf7 22. Re4 Rcd8 23. Ke2 Rd3 24. a5 Bg5 25. f4 Bf6 26. Raa4 g5 27. Rac4
R8d5 28. Re3 Rxe3+ 29. dxe3 g4 30. e4 Rh5 31. Be3 Be7 32. Bg1 Ke6 33. Kf2 Bh4+
34. Ke3 Be7 35. f5+ Ke5 36. Bf2 Bg5+ 37. Ke2 Be7 38. Bg3+ Kf6 39. Ke3 Kg5 40.
Ra4 Bf8 41. Ra1 Be7 42. Rf1 1-0

[Event "Frankfurt Ch A 2016"]
[Site "Ffm-Höchst, BiKuZ"]
[Date "2016.05.09"]
[Round "3.39"]
[White "Benikhis, Avram"]
[Black "Kletzerman, Simon"]
[Result "1-0"]
[WhiteElo "1782"]
[BlackElo "1509"]
[PlyCount "81"]
[EventDate "2016.??.??"]
[WhiteTeam "SC Eschbach"]
[BlackTeam "TuS Makkabi"]

1. e4 e5 2. Nf3 Nf6 3. d4 exd4 4. e5 Ng4 5. Qxd4 d6 6. h3 Nxe5 7. Nxe5 dxe5 8.
Qxe5+ Be6 9. Qb5+ Nd7 10. Qxb7 Bc5 11. Qf3 O-O 12. Be2 Ne5 13. Qg3 Bd6 14. Qc3
Qf6 15. O-O Qg6 16. f4 Bd5 17. Rf2 Nd7 18. Bf3 Bxf3 19. Rxf3 Rab8 20. a3 Nf6
21. f5 Qh5 22. Nd2 Rfe8 23. Nb3 Ne4 24. Qc4 Ng3 25. Be3 Nxf5 26. Bxa7 Rbd8 27.
g4 Qg6 28. Rxf5 Bh2+ 29. Kxh2 Qd6+ 30. Kg2 Re6 31. Raf1 Rde8 32. Rxf7 Kh8 33.
Rf8+ Rxf8 34. Rxf8+ Qxf8 35. Qxe6 Qa8+ 36. Kg3 h6 37. Bd4 Qf8 38. Qe5 Qd6 39.
Qxd6 cxd6 40. a4 Kg8 41. a5 1-0

[Event "Frankfurt Ch A 2016"]
[Site "Ffm-Höchst, BiKuZ"]
[Date "2016.05.09"]
[Round "3.40"]
[White "Höche, Alexander"]
[Black "Gutacker, Stephan"]
[Result "1/2-1/2"]
[WhiteElo "1276"]
[BlackElo "1777"]
[PlyCount "92"]
[EventDate "2016.??.??"]
[WhiteTeam "vereinslos"]
[BlackTeam "Sfr. Kelkheim"]

1. c4 Nf6 2. Nc3 c5 3. g3 Nc6 4. Bg2 g6 5. e3 e5 6. Nge2 Bg7 7. d4 exd4 8. exd4
cxd4 9. Nxd4 O-O 10. O-O d5 11. Nxd5 Nxd5 12. Nxc6 bxc6 13. cxd5 cxd5 14. Qxd5
Qxd5 15. Bxd5 Rb8 16. Bb3 Bf5 17. Re1 Rfe8 18. Bf4 Rbc8 19. Rac1 Rxc1 20. Rxc1
Bh3 21. Be3 Re7 22. Rb1 h6 23. Bd2 Bf5 24. Rd1 Bg4 25. Bb4 Bxd1 26. Bxe7 Bxb3
27. axb3 Bxb2 28. Kg2 Bd4 29. g4 f6 30. f4 Kf7 31. Bb4 f5 32. h3 fxg4 33. hxg4
h5 34. Kg3 Kf6 35. gxh5 gxh5 36. Kh4 Be3 37. Bd6 Kf5 38. b4 Bxf4 39. Bc5 a6 40.
Kxh5 Bd2 41. Kh4 Ke4 42. Kg3 Kd5 43. Kf3 Kc4 44. Ke2 Bxb4 45. Bxb4 Kxb4 46. Kd2
Kb3 1/2-1/2

[Event "Frankfurt Ch A 2016"]
[Site "Ffm-Höchst, BiKuZ"]
[Date "2016.05.09"]
[Round "3.41"]
[White "Bittner, Peter"]
[Black "Stulken, Dietmar"]
[Result "1-0"]
[WhiteElo "1713"]
[BlackElo "1349"]
[PlyCount "57"]
[EventDate "2016.??.??"]
[WhiteTeam "SC Nied"]
[BlackTeam "SF Frankfurt"]

1. e4 e5 2. Nf3 Nc6 3. Bb5 a6 4. Ba4 Nf6 5. O-O Be7 6. Re1 b5 7. Bb3 Na5 8.
Nxe5 Nxb3 9. axb3 d6 10. Nc6 Qd7 11. Nxe7 Qxe7 12. d3 O-O 13. Nc3 c6 14. h3 h6
15. Bf4 Qd8 16. Re3 g5 17. Rg3 Kh8 18. Bd2 Rg8 19. Qe2 Rg6 20. e5 Nh7 21. exd6
Qxd6 22. Ne4 Qf8 23. Bc3+ Kg8 24. b4 f5 25. Nc5 f4 26. Rf3 g4 27. Qe5 Qf6 28.
Qe8+ Qf8 29. Qxg6+ 1-0

[Event "Frankfurt Ch A 2016"]
[Site "Ffm-Höchst, BiKuZ"]
[Date "2016.05.09"]
[Round "3.42"]
[White "John, Volkmar"]
[Black "Pfeffer, Marko"]
[Result "0-1"]
[WhiteElo "1625"]
[BlackElo "1972"]
[PlyCount "82"]
[EventDate "2016.??.??"]
[WhiteTeam "SK Herborn"]
[BlackTeam "SC Bergen-Enkheim"]

1. c4 e5 2. g3 g6 3. Nc3 Bg7 4. Bg2 Nc6 5. d3 d6 6. e4 Bd7 7. Nge2 Nh6 8. O-O
Qc8 9. Nd5 Ng4 10. h3 Nf6 11. Kh2 O-O 12. b3 Re8 13. Bb2 Nd8 14. Nxf6+ Bxf6 15.
d4 Bg7 16. dxe5 dxe5 17. Qd2 Nc6 18. Rad1 Be6 19. Qc1 a5 20. f4 f6 21. g4 a4
22. f5 Bf7 23. Nc3 axb3 24. axb3 Nd4 25. fxg6 hxg6 26. Nd5 Bxd5 27. Bxd4 Bf7
28. Bc3 Qe6 29. Rd3 Ra2 30. Rfd1 Qb6 31. Be1 Be6 32. Qb1 Raa8 33. Qc1 Kh7 34.
c5 Qb5 35. b4 Ra2 36. Qb1 Bh6 37. Bd2 Bg7 38. Bc3 Bh6 39. Bd2 Rb2 40. Qxb2 Qxd3
41. Qc3 Rd8 0-1

[Event "Frankfurt Ch A 2016"]
[Site "Ffm-Höchst, BiKuZ"]
[Date "2016.05.09"]
[Round "3.43"]
[White "Staeger, Tim"]
[Black "Koellner, Ulrich"]
[Result "1/2-1/2"]
[WhiteElo "1621"]
[BlackElo "1785"]
[PlyCount "46"]
[EventDate "2016.??.??"]
[WhiteTeam "SF Frankfurt"]
[BlackTeam "SV Hofheim"]

1. e4 c6 2. d4 d5 3. Nc3 dxe4 4. Nxe4 Nd7 5. Nf3 Ngf6 6. Bd3 Nxe4 7. Bxe4 Nf6
8. Bd3 Bg4 9. c3 e6 10. O-O Qc7 11. h3 Bh5 12. Be2 Bd6 13. Ne5 Bxe2 14. Qxe2
O-O 15. Bg5 Nd5 16. Nc4 Bf4 17. Bxf4 Nxf4 18. Qg4 Ng6 19. Rae1 c5 20. Ne5 cxd4
21. Nxg6 hxg6 22. Qxd4 Rfd8 23. Qe3 Rd6 1/2-1/2

[Event "Frankfurt Ch A 2016"]
[Site "Ffm-Höchst, BiKuZ"]
[Date "2016.05.09"]
[Round "3.44"]
[White "Plattner, Rolf"]
[Black "Koch, Thomas"]
[Result "1-0"]
[WhiteElo "1692"]
[BlackElo "1632"]
[PlyCount "85"]
[EventDate "2016.??.??"]
[WhiteTeam "SK Langen"]
[BlackTeam "SV Ffm-Griesheim"]

1. e4 e6 2. d4 d5 3. Nc3 dxe4 4. Nxe4 Nf6 5. Bg5 Be7 6. Nxf6+ Bxf6 7. Bxf6 Qxf6
8. Nf3 O-O 9. Bd3 c5 10. dxc5 Qxb2 11. O-O Nd7 12. c6 bxc6 13. Qe2 Qa3 14. Qe4
Nf6 15. Qxc6 Rb8 16. Qc7 Bd7 17. Qg3 Bb5 18. Rfb1 Qc3 19. Qe5 Qxe5 20. Nxe5
Bxd3 21. Nxd3 Ne4 22. Re1 Nc3 23. f4 Rfc8 24. Kf2 Kf8 25. Ke3 Nd5+ 26. Kd2 Rc4
27. g3 Rbc8 28. Rec1 Nc3 29. a3 Ne4+ 30. Ke3 f5 31. Ra2 Nc3 32. Rb2 Re4+ 33.
Kf2 Re2+ 34. Kg1 Rd2 35. Re1 Ne4 36. Reb1 Rc7 37. Ne5 Nd6 38. c4 Nxc4 39. Nxc4
Rdd7 40. Ne5 Rd6 41. Rb7 Rc2 42. Rxa7 Rd8 43. Rd7 1-0

[Event "Frankfurt Ch A 2016"]
[Site "Ffm-Höchst, BiKuZ"]
[Date "2016.05.09"]
[Round "3.45"]
[White "Wagner, Günter"]
[Black "Ackermann, Robert"]
[Result "1/2-1/2"]
[WhiteElo "1592"]
[BlackElo "1658"]
[PlyCount "100"]
[EventDate "2016.??.??"]
[WhiteTeam "SV Groß-Gerau"]
[BlackTeam "SC Bad Soden"]

1. Nf3 Nf6 2. g3 g6 3. Bg2 Bg7 4. c4 c5 5. O-O O-O 6. d3 Nc6 7. Na3 d6 8. Nc2
Bd7 9. Rb1 Rb8 10. b4 cxb4 11. Nxb4 Nxb4 12. Rxb4 Qc8 13. Re1 Bc6 14. Bg5 h6
15. Be3 a5 16. Rb1 Nd7 17. Qd2 Kh7 18. Qxa5 Ra8 19. Qd2 Ra3 20. Bd4 e5 21. Bc3
Rxc3 22. Qxc3 e4 23. Nd4 exd3 24. Qxd3 Ne5 25. Qb3 Bxg2 26. Kxg2 Qg4 27. Nf3
Qe4 28. Qxb7 Qxc4 29. Qb3 Qe4 30. Qb4 Nc4 31. Kg1 Qe6 32. Rbc1 Ne5 33. Nxe5
Bxe5 34. a4 Qf6 35. a5 Bd4 36. e3 Bc5 37. Qb7 Re8 38. Rb1 Re7 39. Qc6 Qc3 40.
a6 Ra7 41. Rec1 Qd3 42. Rb8 Kg7 43. Rcb1 Rxa6 44. Qf3 Ra7 45. R8b7 Rxb7 46.
Rxb7 Qc4 47. Rd7 Qe6 48. Qc6 g5 49. Qc7 Qd5 50. Qb7 Qe6 1/2-1/2

[Event "Frankfurt Ch A 2016"]
[Site "Ffm-Höchst, BiKuZ"]
[Date "2016.05.09"]
[Round "3.46"]
[White "Varma, Christopher"]
[Black "Winter, Olaf"]
[Result "1-0"]
[WhiteElo "1655"]
[BlackElo "1587"]
[PlyCount "77"]
[EventDate "2016.??.??"]
[WhiteTeam "SC Bad Nauheim"]
[BlackTeam "SK Bad Homburg"]

1. e4 c5 2. Nc3 g6 3. f4 e6 4. Nf3 Bg7 5. e5 a6 6. Ne4 b6 7. Nd6+ Kf8 8. Ng5
Nh6 9. Qf3 Nc6 10. Bd3 Rb8 11. Nge4 Nd4 12. Qf2 f6 13. O-O f5 14. Ng5 Qe7 15.
c3 Nc6 16. Nxc8 Rxc8 17. Bxa6 Rc7 18. d4 Ng4 19. Qd2 cxd4 20. cxd4 Nb4 21. Be2
Nc2 22. Bxg4 fxg4 23. Rb1 h5 24. Ne4 Bh6 25. b4 Kg7 26. Rb2 Na3 27. Rb3 Nb5 28.
a4 Na7 29. b5 Rc4 30. Ba3 Qh4 31. g3 Qd8 32. Nd6 Rxa4 33. Rc1 h4 34. d5 hxg3
35. hxg3 Qa8 36. Rc7 Rf8 37. Rbc3 exd5 38. Rxd7+ Kg8 39. Qh2 1-0

[Event "Frankfurt Ch A 2016"]
[Site "Ffm-Höchst, BiKuZ"]
[Date "2016.05.09"]
[Round "3.47"]
[White "Bergner, Matthias"]
[Black "Götting, Ulrich"]
[Result "1/2-1/2"]
[WhiteElo "1571"]
[BlackElo "1652"]
[PlyCount "127"]
[EventDate "2016.??.??"]
[WhiteTeam "SV Neu-Isenburg"]
[BlackTeam "SC Bad Soden"]

1. d4 d5 2. c4 c6 3. Nc3 Nf6 4. e3 e6 5. f4 Bb4 6. Bd2 Bxc3 7. Bxc3 Ne4 8. Nf3
Nxc3 9. bxc3 b6 10. cxd5 exd5 11. Be2 Qe7 12. Qd2 O-O 13. O-O Re8 14. Kf2 Bf5
15. Bd3 Be4 16. Bxe4 Qxe4 17. Rfd1 Nd7 18. Ng5 Qe7 19. Qd3 Nf6 20. h3 h6 21.
Nf3 Ne4+ 22. Kg1 Nd6 23. Re1 Rac8 24. Re2 Qe4 25. Rd1 f6 26. Qxe4 Nxe4 27. Rd3
c5 28. dxc5 bxc5 29. Rc2 c4 30. Rxd5 Nc5 31. Nd2 Rxe3 32. Nxc4 Re1+ 33. Kf2 Re7
34. Nd2 Ne4+ 35. Nxe4 Rxe4 36. Kf3 Rec4 37. Rd3 Ra4 38. g3 Kf7 39. Ke3 Rc5 40.
Kd2 Rca5 41. Rd7+ Kg6 42. Kd3 f5 43. Re2 Re4 44. Rxe4 fxe4+ 45. Kxe4 Rxa2 46.
g4 Kf6 47. g5+ hxg5 48. fxg5+ Kg6 49. c4 a5 50. c5 a4 51. c6 Rc2 52. Kd5 Rd2+
53. Ke6 Re2+ 54. Kd6 Rd2+ 55. Kc7 Rb2 56. Kc8 a3 57. Ra7 a2 58. c7 Kxg5 59. Kd7
Rd2+ 60. Kc6 Rc2+ 61. Kb7 Rb2+ 62. Ka8 Rc2 63. Kb8 Rb2+ 64. Ka8 1/2-1/2

[Event "Frankfurt Ch A 2016"]
[Site "Ffm-Höchst, BiKuZ"]
[Date "2016.05.09"]
[Round "3.48"]
[White "Spies, Wolfgang"]
[Black "Odabasi, Siddik"]
[Result "1-0"]
[WhiteElo "1647"]
[BlackElo "1393"]
[PlyCount "55"]
[EventDate "2016.??.??"]
[WhiteTeam "Kreuznacher SV"]
[BlackTeam "Frankfurter TV"]

1. e4 e6 2. d4 d5 3. e5 c5 4. c3 Qb6 5. Nf3 Nc6 6. a3 c4 7. Be2 Nh6 8. O-O Nf5
9. Nbd2 Qc7 10. Re1 Be7 11. Nf1 Na5 12. N3d2 Bd7 13. Ne3 Nxe3 14. fxe3 Bg5 15.
Bf3 Bc6 16. Qe2 Ba4 17. Qf2 Qe7 18. e4 Bxd2 19. Bxd2 Nb3 20. exd5 Nxa1 21. d6
Qd7 22. Rxa1 Bc6 23. Bh5 Be4 24. Rf1 g6 25. Qf6 O-O 26. Bd1 b5 27. Rf4 Qb7 28.
Rxe4 1-0

[Event "Frankfurt Ch A 2016"]
[Site "Ffm-Höchst, BiKuZ"]
[Date "2016.05.09"]
[Round "3.49"]
[White "Popp, Matthias"]
[Black "Thede, Stefan"]
[Result "0-1"]
[WhiteElo "1534"]
[BlackElo "1645"]
[PlyCount "110"]
[EventDate "2016.??.??"]
[WhiteTeam "SC Bergen-Enkheim"]
[BlackTeam "SV Frankfurt Nord"]

1. d4 Nf6 2. Nf3 d6 3. Bf4 g6 4. e3 Bg7 5. Nbd2 O-O 6. Bd3 c6 7. c3 Nbd7 8. Qc2
a5 9. h3 b5 10. O-O Re8 11. a4 Ba6 12. axb5 cxb5 13. Qb3 e5 14. Bg5 Qb8 15. Ne4
a4 16. Qc2 h6 17. Bh4 Nh7 18. Be2 f5 19. Ned2 Rf8 20. b3 e4 21. Ne1 Nb6 22. f3
d5 23. fxe4 g5 24. Bf2 fxe4 25. Qd1 Qd6 26. Nc2 Rac8 27. Nb4 Bb7 28. Nb1 axb3
29. Qxb3 Nc4 30. Bg4 Rc7 31. Qd1 Rcf7 32. Qe1 Nf6 33. Be2 Bc8 34. Na3 Bd7 35.
Nac2 h5 36. Bg3 Qe7 37. Ra6 Rc8 38. Ra7 Qf8 39. Na6 Ra8 40. Rxa8 Qxa8 41. Nc5
Bc8 42. Qc1 Bh6 43. Nb4 g4 44. Bf4 Bxf4 45. exf4 gxh3 46. gxh3 Bxh3 47. Rf2
Rg7+ 48. Kh1 e3 49. Rh2 Qc8 50. Bf1 Bxf1 51. Qxf1 Qg4 52. Rg2 Qh3+ 53. Kg1 Ng4
54. Nxd5 Nd2 55. Qe2 Nf3+ 0-1